Experiencing Science (Record no. 1579)

000 -LEADER
fixed length control field 00571nam a22002177a 4500
003 - CONTROL NUMBER IDENTIFIER
control field OSt
005 - DATE AND TIME OF LATEST TRANSACTION
control field 20210423062208.0
008 - FIXED-LENGTH DATA ELEMENTS--GENERAL INFORMATION
fixed length control field 210219s1980 ||||| |||| 00| 0 eng d
020 ## - INTERNATIONAL STANDARD BOOK NUMBER
International Standard Book Number 0525476369
040 ## - CATALOGING SOURCE
Original cataloging agency eng
Language of cataloging eng
Transcribing agency DLC
041 ## - LANGUAGE CODE
Language code of text/sound track or separate title eng
080 ## - UNIVERSAL DECIMAL CLASSIFICATION NUMBER
Universal Decimal Classification number 001
Item number B-49
100 ## - MAIN ENTRY--PERSONAL NAME
9 (RLIN) 1006
Personal name Bernstein, Jeremy
245 ## - TITLE STATEMENT
Title Experiencing Science
Statement of responsibility, etc. : Profiles in Discovery
Remainder of title / by: E. P. Dutton
260 ## - PUBLICATION, DISTRIBUTION, ETC.
Place of publication, distribution, etc. New York
Name of publisher, distributor, etc. E. P. Dutton
Date of publication, distribution, etc. 1980
300 ## - PHYSICAL DESCRIPTION
Extent 275 p.
365 ## - TRADE PRICE
Price amount 6.95 usd
650 #0 - SUBJECT ADDED ENTRY--TOPICAL TERM
9 (RLIN) 681
Topical term or geographic name entry element Science
653 ## - INDEX TERM--UNCONTROLLED
Uncontrolled term მეცნიერება
942 ## - ADDED ENTRY ELEMENTS (KOHA)
Source of classification or shelving scheme
Koha item type Books
Holdings
Withdrawn status Lost status Source of classification or shelving scheme Damaged status Not for loan Permanent location Current location Date acquired Inventory number Total Checkouts Full call number Barcode Date last seen Price effective from Koha item type
          Ken Walker International University Ken Walker International University 02/19/2021 1327   001 B-49 1327 02/19/2021 02/19/2021 Books

Powered by Koha